| 000 | 00369nam a2200145Ia 4500 | ||
|---|---|---|---|
| 008 | 240624s9999 xx 000 0 und d | ||
| 041 | _aeng | ||
| 082 | _a515 WAR | ||
| 100 | _aWARNER STEFAN | ||
| 245 | _aAPPLIED CALCULUS | ||
| 250 | _a(5th ed.) | ||
| 260 |
_c2011 _aAustralia _bBrooks/Cole Cengage Learning |
||
| 300 | _axv, : 688 : p. : cm. ; 24 | ||
| 365 |
_cGBP _b25 |
||
| 999 |
_c23203 _d23203 |
||